000 00756cam a2200241 4500
001 J312
008 090401t1989 xxu||||| |||| 00| 0 eng d
035 _a(Sirsi) u74375
041 _aeng
050 _a692.9
090 _aJCT 1989/22A
110 _aJoint Contracts Tribunal
_93664
245 _aDomestic sub-contract IN/SC: articles of agreement (and) sub-contract conditions: Amendment 5 issued September 1989: amendments to VAT provisions.
260 _aLondon
_bBEC
_c1989
300 _a12p. ; 30cm.
350 _a0
650 _aJCT INTERMEDIATE FORM OF BUILDING CONTRACT (1984 EDITION)
650 _aSUBCONTRACTS
650 _aVALUE ADDED TAX
690 _aBUILT ENVIRONMENT-BUILDING CONTRACT FORMS
942 _n0
948 _c04/03/1997
999 _c95825
_d95825